LEADER 01190nam a2200301 i 4500 001 000000119281 003 CaOOAMICUS 005 20031022000000.0 008 031022s2001 it u000 u ita u 013 $a91974 020 $a88-7357-251-0 040 $aSeMil$bita 100 1 $aMoschieri, Giovanna.$0(OLS)http://semarc/name/49749 245 10$aDal cuore di Dio :$briflessioni su temi giubilari /$cGiovanna Moschieri. 260 $aRoma :$bAdP,$c2001. 300 $a143 p. ;$c21 cm. 490 0 $aFormazione ;$v20 500 $aFondo Card. C.M. Martini. 650 4$aBibbia - NT - Vangeli - Meditazioni.$0(OLS)http://semarc/subject/459 650 4$aGiubilei - Meditazioni.$0(OLS)http://semarc/subject/19630 830 0$aFormazione ;$v20.$0(OLS)http://semarc/title/431646 850 $aSeMil 852 $aSeMil$W1$xVenegono$y1$m3F I 200$j74512$B74512$CSeMilBibl$Z2$F95001 $81 941 1 $a4 961 $aOmaggio: Martini Card. Carlo Maria 996 $6020$a88-7357-251-0$9(OLS)http://semarc/number/104117 996 $6245$aDal cuore di Dio :$briflessioni su temi giubilari$9(OLS)http://semarc/title/175281 996 $6260$aRoma :$bAdP$9(OLS)http://semarc/publisher/32136 LEADER 00724naa a2200157 i 4500 001 000000307464 003 CaOOAMICUS 005 20180831172916.0 008 180831n xx u000 u spa u 013 $a16200 040 $aSeMil$bita 100 1 $aLopez Santidrian, Saturnino.$0(OLS)http://semarc/name/38765 245 13$aEl "LIber creaturarum" de Sibiuda, base del Ejerciccio o la Via del Beneficio. 650 4$aSibiuda, Raimundo.$0(OLS)http://semarc/subject/11342 773 0 $tDar razón de la esperanza.$dPamplona : Universidad de Navarra, 2004.$kBiblioteca de teología$z84-8081-014-9$gp.959-978$w()110239 996 $6245$aEl "LIber creaturarum" de Sibiuda, base del Ejerciccio o la Via del Beneficio$9(OLS)http://semarc/title/382810